000 00772nam a2200205Ia 4500
008 130821s1995 xxu gr eng
020 _a801847826
040 _aCo-BoUCM
_bspa
041 0 0 _aeng
100 1 _aSadoulet, Elisabeth
_9158909
245 1 0 _aQuantitative development policy analysis
_cElizabeth Sadoulet, Alain de Janvry.
260 _aMaryland (Estados Unidos)
_bJohns Hopkins University Press
_c1995
300 _axxi, 397 páginas
650 0 4 _aAnálisis económico
_vModelos matemáticos
_992
650 0 4 _aDesarrollo económico
_9438
650 0 4 _aDesarrollo económico
_vModelos matemáticos
_912956
650 0 4 _aPolítica económica
_vModelos matemáticos
_921972
942 _cLIBRO
_2DEWEY
_a7
_e1
_h338.9
_mS126q
999 _c35297
_d35297